000 00494nam a2200169Ia 4500
999 _c1824
_d1824
003 OSt
005 20200602150513.0
008 190216s9999||||xx |||||||||||||| ||und||
020 _a9780198069119
040 _coclc
082 _a338.954
_bDEV/I
100 _aDev, S Mahendra
_9598
245 0 _aInclusive Growth In India /
_cS Mahendra Dev
260 _bOxford University Press,
_c2010.
_aNew Delhi:
300 _a399p
942 _cBK
_2ddc
_h338.954
_iDEV/I
_k338.954
_mDEV/I